000 00250nam a2200097Ia 4500
001 1103512
005 20250827003341.0
008 250824s9999 xx 000 0 und d
245 0 _aYAVUZ SULTAN SELİM
_cYAVUZ BAHADIROĞLU
260 _bPANAMA YAYINLARI
999 _c1103512
_d1103512